Coconstruyendo el espacio de la cooperación internacional: evidencias de la evolución en el vínculo academia-OSC /
El proyecto consiste en una experiencia piloto para crear y probar estrategias de colaboración y diálogo cooperativo entre las organizaciones de la sociedad civil y la academia, en este caso el Instituto Mora, para incidir en políticas públicas nacionales y locales y en las acciones vinculadas con l...
Gorde:
| Egile nagusia: | |
|---|---|
| Formatua: | Ezezaguna |
| Hizkuntza: | Spanish |
| Argitaratua: |
México :
Cooperación Internacional,
2009
|
| Gaiak: | |
| Etiketak: |
Etiketa erantsi
Etiketarik gabe, Izan zaitez lehena erregistro honi etiketa jartzen!
|
MARC
| LEADER | 00000 a2200000 04500 | ||
|---|---|---|---|
| 001 | 46564 | ||
| 003 | cru CIDCACS/IIS | ||
| 005 | 20230510164307.0 | ||
| 008 | 050701s2009 mx spa d | ||
| 020 | |a 978-607-7613-33-6 | ||
| 022 | |a 978-607-7613-33-6 | ||
| 040 | |a CRAI/IIS |c CRAI/IIS | ||
| 090 | |a 01.01.01 S356c | ||
| 100 | |a Schmukler Scornik, Beatriz, |e coordinadora | ||
| 245 | |a Coconstruyendo el espacio de la cooperación internacional: |b evidencias de la evolución en el vínculo academia-OSC / |c Beatriz Schmukler Scornik, coordinadora | ||
| 260 | |a México : |b Cooperación Internacional, |c 2009 | ||
| 300 | |a 294 páginas : |b mapa | ||
| 520 | |a El proyecto consiste en una experiencia piloto para crear y probar estrategias de colaboración y diálogo cooperativo entre las organizaciones de la sociedad civil y la academia, en este caso el Instituto Mora, para incidir en políticas públicas nacionales y locales y en las acciones vinculadas con las políticas de desarrollo y de cooperación internacional. La investigación se desarrolló con el apoyo de la Fundación Kellogg y en conjunto con las organizaciones de la sociedad civil de México y Centroamérica. | ||
| 590 | |a MBA/30102014 | ||
| 650 | |a COOPERACION INTERNACIONAL | ||
| 650 | |a SOCIEDAD CIVIL | ||
| 650 | |a POLITICAS PUBLICAS | ||
| 650 | |a DESARROLLO RURAL | ||
| 650 | |a INVESTIGACION | ||
| 650 | |a MEXICO | ||
| 650 | |a AMERICA CENTRAL | ||
| 942 | |2 ddc |c LI | ||
| 999 | |c 17013 |d 17013 | ||



